| 000 | 02058cam a22004694i 4500 | ||
|---|---|---|---|
| 003 | PE-LiUPU | ||
| 005 | 20250731165425.0 | ||
| 008 | 160201s2003 pe grm 000 0 spa d | ||
| 035 | _a(Sirsi) a155855 | ||
| 040 |
_aPE-LiUPU _bspa _cPE-LiUPU _erda |
||
| 082 | 0 | 4 |
_a264 _bS21 T4 |
| 099 |
_aTT 4 _bS21 2003 |
||
| 100 | 1 |
_aSanta Cruz Ruiz, José Luis _eautor |
|
| 245 | 1 | 3 |
_aEl conflicto entre la falsa y verdadera adoración en el Libro de Daniel y su relevancia escatológica / _cJosé Luis Santa Cruz Ruiz. |
| 264 | 0 | _c2003. | |
| 300 |
_a166 hojas _c27 cm |
||
| 336 |
_atext _2rdacontent |
||
| 337 |
_aunmediated _2rdamedia |
||
| 338 |
_avolume _2rdacarrier |
||
| 502 |
_aTesis _b(Dr.) -- _cUniversidad Peruana Unión, _d2003. |
||
| 504 |
_avolume _2rdacarrier |
||
| 520 | 3 | _aLa investigación realizada comprende tres secciones. En la primera sección, que corresponde al segundo capitulo de la tesis, se ha identificado el conflicto entre la falsa y la verdadera adoración en cuatro ejemplos del Antiguo Testamento: la experiencia de adoración de Caín y Abel, los israelitas y el becerro de oro, el sacrificio indebido de Saúl y la experiencia de Elías con los sacerdotes de Baal. El estudio de estos ejemplos ha sido significativo, porque ha sugerido los conceptos de la falsa y la verdadera adoración. Además ha mostrado algunos elementos que intervienen en el conflicto, así como algunas de las características de ambos tipos de adoradores. | |
| 526 | _aSEG44 | ||
| 526 | _aSEG26 | ||
| 526 | _aP151 | ||
| 526 | _aP150 | ||
| 526 | _aP149 | ||
| 526 | _aP146 | ||
| 526 | _aP145 | ||
| 526 | _aP126 | ||
| 526 | _aP125 | ||
| 526 | _aP92 | ||
| 526 | _aP75 | ||
| 526 | _aP74 | ||
| 526 | _aP27 | ||
| 526 | _aP15 | ||
| 650 | 1 | 4 |
_aAdoración _xEnseñanza bíblica. |
| 630 | 0 | 4 |
_aBiblia _pA.T. _pDaniel _xComentarios. |
| 596 | _a1 | ||
| 942 |
_2ddc _cTESIS |
||
| 999 |
_aTT 4 S21 2003 _wALPHANUM _c8532 _iT00438 _lCCODEBUL3 _mBUL _r1 _sY _tTESIS _u2016-2-1 _xPOSGRADO _PP94 _o.STAFF. Tesis _d8532 |
||
| 980 |
_81 _gALBERTO SANCHEZ Responsable de Automatización |
||